[Event "Tournoi des pays de l'OTAN 2012"]
[Site "BREST (France)"]
[Date "2012.10.03"]
[Round "4.1"]
[White "Drabke, Lorenz Maximilian"]
[Black "Kaczorowski, Piotr"]
[Result "1/2-1/2"]
[WhiteElo "2411"]
[BlackElo "2054"]
[PlyCount "56"]
[EventDate "2012.??.??"]

1. e4 c6 2. d4 d5 3. Nd2 dxe4 4. Nxe4 Bf5 5. Ng3 Bg6 6. h4 h6 7. Nf3 Nd7 8. h5
Bh7 9. Bd3 Bxd3 10. Qxd3 Qc7 11. Bd2 e6 12. O-O-O Ngf6 13. Ne4 O-O-O 14. g3 Nc5
15. Nxc5 Bxc5 16. Rh4 Rhe8 17. Qe2 Bd6 18. Ne5 Qe7 19. Nc4 Bc7 20. a3 Nd5 21.
Rg4 Rg8 22. Ne5 Kb8 23. c4 Nf6 24. Rh4 Rgf8 25. Bb4 Bd6 26. Ba5 Bc7 27. Bb4 Bd6
28. Ba5 Bc7 1/2-1/2

[Event "Tournoi des pays de l'OTAN 2012"]
[Site "BREST (France)"]
[Date "2012.10.03"]
[Round "4.2"]
[White "Sypien, Mateusz"]
[Black "Wantiez, Fabrice"]
[Result "1/2-1/2"]
[WhiteElo "2269"]
[BlackElo "2337"]
[PlyCount "131"]
[EventDate "2012.??.??"]

1. c4 Nf6 2. Nf3 g6 3. g3 Bg7 4. Bg2 d5 5. cxd5 Nxd5 6. Nc3 Nb6 7. d3 Nc6 8.
Be3 O-O 9. Qd2 e5 10. Bh6 Nd4 11. Bxg7 Nxf3+ 12. Bxf3 Kxg7 13. O-O c6 14. Rfc1
Qe7 15. Ne4 f5 16. Nc5 Nd7 17. b4 a6 18. a4 Re8 19. Qb2 Qf6 20. Bg2 e4 21.
Qxf6+ Kxf6 22. dxe4 Nxc5 23. bxc5 fxe4 24. e3 Bf5 25. Rab1 Re7 26. Rd1 Rc8 27.
a5 Rcc7 28. Rb4 Re5 29. Rc4 Rd5 30. Rdd4 Re7 31. h3 h5 32. g4 hxg4 33. hxg4
Bxg4 34. Bxe4 Rxd4 35. Rxd4 Bf5 36. Bg2 Re5 37. Rc4 Be6 38. Rc3 Bd5 39. f4 Rh5
40. e4 Be6 41. Kf2 g5 42. f5 Bd7 43. Rb3 Bc8 44. Rd3 Rh7 45. Rd8 Bd7 46. Rg8
Re7 47. Rd8 g4 48. Ke3 Ke5 49. Rg8 Be8 50. Rxg4 Rd7 51. Rg8 Bf7 52. Rb8 Bc4 53.
Re8+ Kf6 54. e5+ Kf7 55. Rb8 Rd3+ 56. Kf4 Rb3 57. e6+ Ke7 58. Ke5 Bxe6 59. fxe6
Rb5 60. Kd4 Rb4+ 61. Ke3 Rb5 62. Kf4 Kxe6 63. Bh3+ Kd5 64. Bc8 Rxa5 65. Rxb7
Ra1 66. Rc7 1/2-1/2

[Event "Tournoi des pays de l'OTAN 2012"]
[Site "BREST (France)"]
[Date "2012.10.03"]
[Round "4.3"]
[White "Bohn, Ulrich"]
[Black "Petersen, Finn"]
[Result "1/2-1/2"]
[WhiteElo "2184"]
[BlackElo "2291"]
[PlyCount "59"]
[EventDate "2012.??.??"]

1. e4 c6 2. d4 d5 3. exd5 cxd5 4. c4 Nf6 5. Nc3 Nc6 6. Nf3 Bg4 7. cxd5 Nxd5 8.
Qb3 Bxf3 9. gxf3 e6 10. Qxb7 Nxd4 11. Bb5+ Nxb5 12. Qc6+ Ke7 13. Qxb5 Qd7 14.
Nxd5+ Qxd5 15. Bg5+ f6 16. Qxd5 exd5 17. Be3 Ke6 18. O-O-O Rc8+ 19. Kb1 Bc5 20.
Rhe1 Bxe3 21. Rxe3+ Kd6 22. Rde1 a5 23. Re6+ Kc5 24. Re7 g5 25. R7e6 Rhf8 26.
Rc1+ Kd4 27. Rd1+ Kc5 28. Rc1+ Kd4 29. Rd1+ Kc5 30. Rc1+ 1/2-1/2

[Event "Tournoi des pays de l'OTAN 2012"]
[Site "BREST (France)"]
[Date "2012.10.03"]
[Round "4.4"]
[White "Sirch, Franz"]
[Black "Guidez, Yann-Michael"]
[Result "0-1"]
[WhiteElo "2173"]
[BlackElo "2262"]
[PlyCount "134"]
[EventDate "2012.??.??"]

1. e4 e5 2. Nf3 Nc6 3. Bb5 Nf6 4. O-O Nxe4 5. Re1 Nd6 6. Nxe5 Nxe5 7. Rxe5+ Be7
8. Bf1 O-O 9. d4 Bf6 10. Re1 Re8 11. c3 Rxe1 12. Qxe1 Qe8 13. Qxe8+ Nxe8 14.
Bf4 d6 15. Nd2 h6 16. Ne4 Be7 17. Re1 Kf8 18. c4 Bf5 19. Nc3 Bg5 20. Bxg5 hxg5
21. g3 c6 22. d5 cxd5 23. Nxd5 Be6 24. Ne3 Rd8 25. Bg2 b6 26. Rd1 Ke7 27. Bd5
Nf6 28. Rd3 Rc8 29. Ra3 Rc7 30. b4 Nxd5 31. cxd5 Bc8 32. f4 g4 33. Kf2 a6 34.
Ke2 Rc1 35. Kd3 Rh1 36. Rc3 Bd7 37. Rc2 g6 38. Kd4 Kd8 39. Rb2 Bb5 40. Nxg4
Rd1+ 41. Ke3 Rd3+ 42. Kf2 Rxd5 43. Nf6 Rd3 44. Ne4 f5 45. Ng5 Ra3 46. Ne6+ Ke7
47. Nd4 Bc4 48. Nb3 Ke6 49. Ke3 Kd5 50. h3 a5 51. bxa5 bxa5 52. Kf2 a4 53. Rd2+
Ke6 54. Nc1 Bd5 55. Re2+ Be4 56. g4 Rxh3 57. gxf5+ Kxf5 58. Re3 Rh2+ 59. Kg3
Rg2+ 60. Kh3 Rd2 61. Ne2 d5 62. Kg3 d4 63. Nxd4+ Rxd4 64. Re2 Rd3+ 65. Kh4 Kxf4
66. Rf2+ Bf3 67. a3 Rd5 0-1

[Event "Tournoi des pays de l'OTAN 2012"]
[Site "BREST (France)"]
[Date "2012.10.03"]
[Round "4.5"]
[White "Rosenkilde, Alexander"]
[Black "Karbowiak, Adam"]
[Result "1-0"]
[WhiteElo "2260"]
[BlackElo "2154"]
[PlyCount "91"]
[EventDate "2012.??.??"]

1. d4 Nf6 2. c4 g6 3. Nc3 Bg7 4. e4 d6 5. Nf3 O-O 6. Be2 e5 7. O-O exd4 8. Nxd4
Re8 9. f3 Nc6 10. Be3 Nh5 11. Qd2 Nf4 12. Rfd1 Nxe2+ 13. Ncxe2 Bd7 14. Rac1
Nxd4 15. Bxd4 f5 16. exf5 Bxf5 17. Ng3 Be6 18. Bxg7 Kxg7 19. Ne4 Bf5 20. Qd4+
Kf7 21. Qd5+ Kf8 22. Ng3 Be6 23. Qxb7 Rb8 24. Qxa7 Rxb2 25. Qd4 Rxa2 26. Qh8+
Bg8 27. c5 Re6 28. cxd6 Rxd6 29. Rxd6 Qxd6 30. Qc3 Qb6+ 31. Kh1 c5 32. Qe3 Qc7
33. Re1 Ra8 34. Qh6+ Qg7 35. Qf4+ Bf7 36. Qd6+ Kg8 37. Qxc5 h6 38. h3 Rd8 39.
Ne4 Qd4 40. Qe7 Kg7 41. Nc5 Rd6 42. Ne6+ Rxe6 43. Rxe6 h5 44. Re1 Kg8 45. Qe5
Qd2 46. Rb1 1-0

[Event "Tournoi des pays de l'OTAN 2012"]
[Site "BREST (France)"]
[Date "2012.10.03"]
[Round "4.6"]
[White "Bieluszewski, Piotr"]
[Black "Giua, Frederic"]
[Result "1-0"]
[WhiteElo "2107"]
[BlackElo "2237"]
[PlyCount "66"]
[EventDate "2012.??.??"]

1. e4 c5 2. Nf3 Nc6 3. d4 cxd4 4. Nxd4 e5 5. Nb5 d6 6. N1c3 a6 7. Na3 b5 8. Nd5
Nge7 9. Bg5 f6 10. Be3 Nxd5 11. Qxd5 Bb7 12. Be2 Qc7 13. Qd2 Be7 14. O-O Na5
15. f3 O-O 16. b4 d5 17. exd5 Rfd8 18. Nxb5 axb5 19. bxa5 Rxd5 20. Bd3 Rxa5 21.
Qf2 Bc5 22. Be4 Bxe3 23. Bxd5+ Bxd5 24. Qxe3 Rxa2 25. Rxa2 Bxa2 26. c3 Bb3 27.
h3 h6 28. Ra1 Bd5 29. Kh1 Qc6 30. Ra7 h5 31. Qd3 f5 32. Qxf5 Qxc3 33. Qg5 e4
1-0

[Event "Tournoi des pays de l'OTAN 2012"]
[Site "BREST (France)"]
[Date "2012.10.03"]
[Round "4.7"]
[White "Nill, Oliver"]
[Black "Alaslar, Devrim"]
[Result "1/2-1/2"]
[WhiteElo "2193"]
[BlackElo "2153"]
[PlyCount "23"]
[EventDate "2012.??.??"]

1. c4 Nf6 2. Nc3 c6 3. Nf3 d5 4. cxd5 cxd5 5. d4 Nc6 6. e3 Bf5 7. Be2 e6 8. O-O
Bd6 9. a3 O-O 10. Nh4 Bg6 11. Nxg6 hxg6 12. b4 1/2-1/2

[Event "Tournoi des pays de l'OTAN 2012"]
[Site "BREST (France)"]
[Date "2012.10.03"]
[Round "4.8"]
[White "Schott, Guido"]
[Black "Gooris, Jan"]
[Result "1-0"]
[WhiteElo "2192"]
[BlackElo "2101"]
[PlyCount "101"]
[EventDate "2012.??.??"]

1. e4 c5 2. Nf3 d6 3. d4 cxd4 4. Nxd4 Nf6 5. Nc3 g6 6. Be3 Bg7 7. f3 Nc6 8. Qd2
O-O 9. O-O-O d5 10. Nxc6 bxc6 11. exd5 cxd5 12. Nxd5 Nxd5 13. Qxd5 Qc7 14. Qc5
Qb7 15. b3 Bf5 16. Bd3 Rac8 17. Qa5 Qc6 18. Bxf5 gxf5 19. c4 Qf6 20. Bd4 e5 21.
Bb2 Rc6 22. f4 Qh6 23. Bxe5 Re6 24. Qd2 Rfe8 25. g3 Qg6 26. Rhe1 Qg4 27. Bxg7
Qxg7 28. Kb1 Re4 29. Rxe4 fxe4 30. Qd7 Qf8 31. f5 e3 32. f6 Kh8 33. Qg4 Qh6 34.
Qg7+ Qxg7 35. fxg7+ Kxg7 36. Re1 Kf6 37. Kc2 Kf5 38. Kd3 Kg4 39. Rxe3 Rd8+ 40.
Kc2 Kh3 41. Re2 h5 42. b4 h4 43. gxh4 f5 44. Rf2 Rf8 45. Kd3 Kg4 46. c5 f4 47.
a4 f3 48. c6 Kf4 49. c7 Ke5 50. Rc2 Rc8 51. Ke3 1-0

[Event "Tournoi des pays de l'OTAN 2012"]
[Site "BREST (France)"]
[Date "2012.10.03"]
[Round "4.9"]
[White "Michalski, Daniel"]
[Black "Maes, Patrick"]
[Result "1-0"]
[WhiteElo "2154"]
[BlackElo "2042"]
[PlyCount "107"]
[EventDate "2012.??.??"]

1. d4 g6 2. c4 Bg7 3. Nc3 d6 4. e4 e5 5. Be3 exd4 6. Bxd4 Nf6 7. Nf3 Nc6 8. Be3
O-O 9. Be2 Re8 10. Nd2 Ne5 11. h3 Be6 12. O-O c6 13. Bg5 d5 14. cxd5 cxd5 15.
Bb5 d4 16. Nd5 Nc6 17. Qf3 Bxd5 18. Bxf6 Bxf6 19. exd5 Ne5 20. Qb3 Re7 21. Ne4
Nd7 22. Nxf6+ Nxf6 23. Bc4 a6 24. a4 Rb8 25. Rfd1 b5 26. axb5 axb5 27. Bf1 Qb6
28. Qd3 Rd7 29. Qxd4 Qxd4 30. Rxd4 Rxd5 31. Rxd5 Nxd5 32. Ra5 Nc7 33. Ra7 Ne6
34. Rd7 Kf8 35. Rd5 Nc7 36. Rc5 Rb7 37. Be2 Ke7 38. Bf3 Kd6 39. Rc6+ Ke7 40.
Rxg6 hxg6 41. Bxb7 Kd6 42. Kf1 Kc5 43. Ke2 Kb4 44. Kd2 f6 45. h4 Kb3 46. Kc1
Kc4 47. g4 Kd4 48. h5 gxh5 49. gxh5 Ne6 50. h6 Ng5 51. Bc6 b4 52. Be8 Nh7 53.
Bg6 Nf8 54. Bb1 1-0

[Event "Tournoi des pays de l'OTAN 2012"]
[Site "BREST (France)"]
[Date "2012.10.03"]
[Round "4.10"]
[White "Narman, Gokhan"]
[Black "Nielsen, Jan Mose"]
[Result "1-0"]
[WhiteElo "2075"]
[BlackElo "2122"]
[PlyCount "79"]
[EventDate "2012.??.??"]

1. c4 Nf6 2. Nc3 b6 3. e4 e5 4. g3 Bb7 5. Bg2 Bb4 6. Nge2 O-O 7. O-O c6 8. a3
Bxc3 9. Nxc3 d5 10. exd5 cxd5 11. d4 exd4 12. Nxd5 Nxd5 13. Qxd4 Nf4 14. Qxf4
Bxg2 15. Kxg2 Na6 16. Be3 Rc8 17. Rfd1 Qe8 18. Rac1 Qa4 19. Rd6 Rcd8 20. Bd4
Rxd6 21. Qxd6 Qe8 22. Qf4 Nc7 23. Qf3 Ne6 24. Be3 Qa4 25. Qd1 Qc6+ 26. Qd5 Qa4
27. Qb5 Qxb5 28. cxb5 Rd8 29. a4 h5 30. a5 Rd5 31. axb6 axb6 32. Rc6 Rxb5 33.
Rxb6 Ra5 34. h4 Kh7 35. Kf3 Ra2 36. Ke4 Ra7 37. b4 Rd7 38. b5 Nc7 39. Rb7 f5+
40. Kxf5 1-0

[Event "Tournoi des pays de l'OTAN 2012"]
[Site "BREST (France)"]
[Date "2012.10.03"]
[Round "4.11"]
[White "Zengin, Sedat"]
[Black "Onley, E J David"]
[Result "0-1"]
[WhiteElo "2056"]
[BlackElo "2107"]
[PlyCount "84"]
[EventDate "2012.??.??"]

1. e4 c5 2. Nf3 e6 3. d4 cxd4 4. Nxd4 Nc6 5. Nc3 a6 6. Nxc6 bxc6 7. Bd3 d5 8.
O-O Bd6 9. Re1 Ne7 10. Qh5 Rb8 11. e5 Bc5 12. Bg5 Qc7 13. Na4 Ba7 14. c4 Ng6
15. cxd5 cxd5 16. Rac1 Qa5 17. b3 Bd7 18. Qe2 Bxa4 19. bxa4 Qxa4 20. Bxa6 O-O
21. Bd3 Bd4 22. Bc2 Qa7 23. Rcd1 Rb2 24. Bc1 Rxa2 25. Be3 Bxe3 26. fxe3 Rc8 27.
Rd2 Ra1 28. Rdd1 Ra3 29. Rd4 Rcc3 30. Qd2 Nxe5 31. Ra4 Qc7 32. Ra1 Rxa1+ 33.
Rxa1 g6 34. Ra8+ Kg7 35. Bd1 Qc5 36. Kf2 Rd3 37. Qe1 Nc4 38. Bf3 Rxe3 39. Qa1+
Re5+ 40. Kg3 Qe3 41. h4 Nd2 42. Ra2 Nxf3 0-1

[Event "Tournoi des pays de l'OTAN 2012"]
[Site "BREST (France)"]
[Date "2012.10.03"]
[Round "4.12"]
[White "Franck, Boris"]
[Black "Aagaard, Gert"]
[Result "0-1"]
[WhiteElo "2087"]
[BlackElo "2030"]
[PlyCount "148"]
[EventDate "2012.??.??"]

1. e4 d6 2. d4 Nf6 3. Nc3 Nbd7 4. Bc4 e5 5. Nf3 h6 6. O-O Be7 7. a4 c6 8. h3
O-O 9. Be3 Nxe4 10. Nxe4 d5 11. Nxe5 Nxe5 12. dxe5 dxc4 13. Qh5 Qd5 14. Ng3 g6
15. Qxh6 Qxe5 16. Rad1 Qg7 17. Rfe1 Be6 18. Qf4 Bf6 19. Ne4 Be5 20. Qh4 Bd5 21.
f4 Qh8 22. Qg5 Bg7 23. Ng3 Bf6 24. Qg4 Qh4 25. c3 Rfe8 26. f5 Qxg4 27. hxg4 Be5
28. Bf2 g5 29. Nh5 f6 30. Kf1 Kf7 31. Rd2 Bc7 32. Bd4 Rxe1+ 33. Kxe1 Re8+ 34.
Kf2 Be5 35. a5 a6 36. Bc5 Bc7 37. Bd4 Bd8 38. Kg3 Re4 39. Rf2 Bc7+ 40. Kh3 Re1
41. Ng3 Bxa5 42. Re2 Ra1 43. Bc5 Bd8 44. Nh5 b6 45. Bd6 Rd1 46. Bb8 a5 47. Kg3
Be7 48. Ng7 Bc5 49. Ne6 Rd3+ 50. Kh2 Re3 51. Rxe3 Bxe3 52. Nd4 Bxd4 53. cxd4 c3
54. bxc3 a4 55. Bd6 c5 56. c4 a3 57. cxd5 a2 58. dxc5 bxc5 59. Bxc5 a1=Q 60.
Bd6 Qd4 61. Kh3 Qxd5 62. Bg3 Qd3 63. Kh2 Ke7 64. Kh3 Kd7 65. Kh2 Kc6 66. Kh3
Kd5 67. Kh2 Kc4 68. Kh3 Kc3 69. Kh2 Kd2 70. Kh3 Qd8 71. Kh2 Ke2 72. Kg1 Qd4+
73. Kh2 Kf1 74. Kh3 Qd8 0-1

[Event "Tournoi des pays de l'OTAN 2012"]
[Site "BREST (France)"]
[Date "2012.10.03"]
[Round "4.13"]
[White "Musselman, Charles"]
[Black "Kedzierski, Slawomir"]
[Result "0-1"]
[WhiteElo "1872"]
[BlackElo "2086"]
[PlyCount "58"]
[EventDate "2012.??.??"]

1. e4 c5 2. c3 d5 3. e5 Nc6 4. d4 Bf5 5. Be3 cxd4 6. cxd4 Qb6 7. Qd2 Nb4 8. Na3
e6 9. Bb5+ Kd8 10. Kf1 Nc2 11. Nxc2 Qxb5+ 12. Ne2 Qxb2 13. Rc1 Rc8 14. Ne1 Qxd2
15. Bxd2 Rxc1 16. Nxc1 Ne7 17. Ke2 Nc6 18. Ke3 Be7 19. h3 Kd7 20. Ncd3 h6 21.
Nc2 Rc8 22. g4 Be4 23. Rb1 b6 24. f3 Bh7 25. Nce1 Nxd4 26. Kxd4 Bc5+ 27. Kc3
Be3+ 28. Kb4 Bxd2+ 29. Kb5 Bxe1 0-1

[Event "Tournoi des pays de l'OTAN 2012"]
[Site "BREST (France)"]
[Date "2012.10.03"]
[Round "4.14"]
[White "Helbig, Mark"]
[Black "Toll, Alec"]
[Result "1-0"]
[WhiteElo "2308"]
[BlackElo "2054"]
[PlyCount "65"]
[EventDate "2012.??.??"]

1. d4 e6 2. c4 f6 3. Nc3 Bb4 4. g3 d5 5. Bg2 c6 6. Qb3 Na6 7. Nf3 Ne7 8. O-O
O-O 9. Bd2 Kh8 10. Rfd1 Bxc3 11. bxc3 Nc7 12. Bc1 Ne8 13. Ba3 Nd6 14. Nd2 Re8
15. Rab1 Rb8 16. Qb4 Nf7 17. e4 g6 18. Qb3 Kg7 19. Re1 h5 20. cxd5 cxd5 21.
Rbd1 h4 22. c4 dxc4 23. Nxc4 b5 24. Ne3 Bd7 25. Bb2 a5 26. Ng4 b4 27. e5 f5 28.
Nf6 Rh8 29. d5 a4 30. Qe3 exd5 31. Nxd7 Rb7 32. e6+ Kh7 33. Nf6+ 1-0

[Event "Tournoi des pays de l'OTAN 2012"]
[Site "BREST (France)"]
[Date "2012.10.03"]
[Round "4.15"]
[White "Papista, Akos"]
[Black "Mottais, Francois"]
[Result "1-0"]
[WhiteElo "2159"]
[BlackElo "2051"]
[PlyCount "59"]
[EventDate "2012.??.??"]

1. e4 c5 2. Nf3 d6 3. d4 cxd4 4. Nxd4 Nf6 5. Nc3 a6 6. f4 e5 7. Nf3 Qc7 8. a4
Be7 9. Bd3 Be6 10. Qe2 Nc6 11. f5 Bd7 12. Be3 Rc8 13. h3 Nb4 14. a5 O-O 15. Bb6
Qb8 16. O-O Rfe8 17. Na2 Nxa2 18. Rxa2 d5 19. Nd2 Bc6 20. c4 dxe4 21. Nxe4 Nxe4
22. Bxe4 f6 23. Rd1 Bd8 24. b4 Bxb6+ 25. axb6 Bxe4 26. Qxe4 Rc6 27. c5 Rd8 28.
Rad2 Rcc8 29. Rd6 Kf8 30. Rxd8+ 1-0

[Event "Tournoi des pays de l'OTAN 2012"]
[Site "BREST (France)"]
[Date "2012.10.03"]
[Round "4.16"]
[White "Nielsen, Rene O"]
[Black "Demjen, Attila"]
[Result "1-0"]
[WhiteElo "2150"]
[BlackElo "2053"]
[PlyCount "113"]
[EventDate "2012.??.??"]

1. e4 c6 2. d4 d5 3. Nd2 dxe4 4. Nxe4 Bf5 5. Ng3 Bg6 6. h4 h6 7. Nf3 Nd7 8. Bd3
Bxd3 9. Qxd3 e6 10. Bd2 Ngf6 11. O-O-O Qc7 12. Ne4 Nxe4 13. Qxe4 Nf6 14. Qe2
O-O-O 15. g3 Nd7 16. Bf4 Bd6 17. Bxd6 Qxd6 18. c4 Rhe8 19. Qc2 Kb8 20. Rhe1 Qe7
21. Kb1 Qf6 22. Qb3 g5 23. hxg5 hxg5 24. Ka1 g4 25. Nd2 Qxd4 26. Re4 Qxf2 27.
Rf4 Qe2 28. Re4 Qg2 29. Rxg4 Nc5 30. Qe3 e5 31. Rb1 Qxd2 32. Qxc5 Qd6 33. Qa5
f5 34. Rg7 Rg8 35. c5 Qd7 36. Rxd7 Rxd7 37. Qc3 Rd5 38. Re1 e4 39. a3 Re8 40.
g4 fxg4 41. Rxe4 Rxe4 42. Qh8+ Kc7 43. Qh7+ Kc8 44. Qxe4 Rxc5 45. Qxg4+ Kc7 46.
Qg7+ Kd6 47. Qxb7 a5 48. b4 Rb5 49. Qa7 axb4 50. a4 Rd5 51. a5 Rb5 52. a6 c5
53. Kb2 b3 54. Qg7 Kc6 55. a7 Ra5 56. a8=Q+ Rxa8 57. Qg2+ 1-0

[Event "Tournoi des pays de l'OTAN 2012"]
[Site "BREST (France)"]
[Date "2012.10.03"]
[Round "4.17"]
[White "Tucker, David S"]
[Black "Pazeriene, Diana"]
[Result "1/2-1/2"]
[WhiteElo "2117"]
[BlackElo "2030"]
[PlyCount "53"]
[EventDate "2012.??.??"]

1. e4 c6 2. d4 d5 3. exd5 cxd5 4. c4 Nf6 5. Nc3 Nc6 6. Nf3 Bg4 7. cxd5 Nxd5 8.
Qb3 Bxf3 9. gxf3 e6 10. Qxb7 Nxd4 11. Bb5+ Nxb5 12. Qc6+ Ke7 13. Qxb5 Qd7 14.
Nxd5+ Qxd5 15. Qxd5 exd5 16. Be3 Kd7 17. O-O-O Kc6 18. Kb1 a6 19. Rd4 f6 20.
Rg1 Rc8 21. Rd3 Rc7 22. Rb3 Kd7 23. Bb6 Rb7 24. a4 g6 25. Rd1 Ke6 26. Re1+ Kf7
27. Ka2 1/2-1/2

[Event "Tournoi des pays de l'OTAN 2012"]
[Site "BREST (France)"]
[Date "2012.10.03"]
[Round "4.18"]
[White "Parisse, Denis"]
[Black "De Waard, Marco"]
[Result "0-1"]
[WhiteElo "1903"]
[BlackElo "2117"]
[PlyCount "80"]
[EventDate "2012.??.??"]

1. e4 d5 2. exd5 Qxd5 3. Nf3 Nf6 4. c4 Qa5 5. Nc3 Bg4 6. Be2 e6 7. Qa4+ Qxa4 8.
Nxa4 Nc6 9. O-O O-O-O 10. a3 Bxf3 11. Bxf3 Ne5 12. Be2 Nd3 13. b4 Nxc1 14.
Rfxc1 Rxd2 15. Bf3 Be7 16. Nc3 Rhd8 17. Rab1 Nd7 18. a4 Ne5 19. Be2 Nd3 20.
Bxd3 R2xd3 21. g3 Rd2 22. c5 f5 23. a5 Bf6 24. Nb5 a6 25. Nc3 R8d3 26. Nd1 Bd4
27. c6 bxc6 28. Ne3 Bxe3 29. fxe3 Kd7 30. Rc5 Rxe3 31. Rbc1 Rd6 32. b5 axb5 33.
Ra1 Kc8 34. a6 Kb8 35. a7+ Ka8 36. Kf2 Red3 37. h4 g6 38. g4 R3d4 39. gxf5 gxf5
40. Kg3 Ra4 0-1

[Event "Tournoi des pays de l'OTAN 2012"]
[Site "BREST (France)"]
[Date "2012.10.03"]
[Round "4.19"]
[White "Picart, Laurent"]
[Black "Redman, Michael"]
[Result "1-0"]
[WhiteElo "2103"]
[BlackElo "2016"]
[PlyCount "80"]
[EventDate "2012.??.??"]

1. d4 Nf6 2. c4 e6 3. Nc3 Bb4 4. e3 O-O 5. Nge2 d5 6. a3 Be7 7. cxd5 exd5 8. g3
Bf5 9. Qb3 Qd7 10. Bg2 c6 11. h3 Na6 12. g4 Bg6 13. Nf4 Nc7 14. Nxg6 fxg6 15.
e4 Kh8 16. e5 Ne4 17. Nxe4 dxe4 18. Be3 Nd5 19. Bxe4 Nxe3 20. Qxe3 g5 21. O-O
Rf4 22. Rad1 Qe6 23. Kg2 Bd8 24. f3 Bb6 25. Qc3 Rd8 26. Rd3 Re8 27. b4 a6 28.
Rd2 Rf7 29. Bb1 Rf4 30. Bf5 Qd5 31. Be4 Qe6 32. Rfd1 g6 33. Bb1 Qe7 34. Ba2 Bc7
35. e6 Qg7 36. Qc5 Bb8 37. Qxg5 Qc7 38. Qe5+ Qxe5 39. dxe5 Bxe5 40. Rd8 Ref8
1-0

[Event "Tournoi des pays de l'OTAN 2012"]
[Site "BREST (France)"]
[Date "2012.10.03"]
[Round "4.20"]
[White "Cheung, Jan"]
[Black "Patron, Pascal"]
[Result "1-0"]
[WhiteElo "2085"]
[BlackElo "2015"]
[PlyCount "75"]
[EventDate "2012.??.??"]

1. d4 d5 2. c4 Nc6 3. Nc3 dxc4 4. Nf3 a6 5. d5 Nb8 6. a4 Bg4 7. e4 e5 8. Bxc4
Bd6 9. Be2 Nd7 10. Nd2 Bxe2 11. Qxe2 Ne7 12. Nc4 O-O 13. Nxd6 cxd6 14. a5 Nc5
15. Be3 Rc8 16. O-O f5 17. f3 Qe8 18. Ra3 fxe4 19. Nxe4 Nxe4 20. fxe4 Rxf1+ 21.
Kxf1 Ng6 22. g3 Nf8 23. Kg2 Qd8 24. Qd3 Nd7 25. Rc3 Nf6 26. Bg5 h6 27. Bxf6
gxf6 28. Qf3 Rxc3 29. Qg4+ Kh7 30. bxc3 Qxa5 31. Qf5+ Kg7 32. Qd7+ Kg6 33. Qe8+
Kg7 34. Qe7+ Kg6 35. Qxd6 Qxc3 36. Qe6 Qc2+ 37. Kh3 Qxe4 38. Qg8+ 1-0

[Event "Tournoi des pays de l'OTAN 2012"]
[Site "BREST (France)"]
[Date "2012.10.03"]
[Round "4.21"]
[White "Kruit, Erik"]
[Black "Oltean, Gusztav"]
[Result "1-0"]
[WhiteElo "1994"]
[BlackElo "2081"]
[PlyCount "115"]
[EventDate "2012.??.??"]

1. e4 c5 2. Nf3 e6 3. c3 d5 4. exd5 exd5 5. d4 Nc6 6. Be2 Nf6 7. O-O cxd4 8.
cxd4 Be7 9. Bb5 O-O 10. Nc3 Bg4 11. Bxc6 bxc6 12. h3 Bxf3 13. Qxf3 Qb6 14. Rd1
Rfe8 15. Rd3 Rad8 16. b3 Ne4 17. Be3 Bf6 18. Rc1 Qa6 19. Qd1 c5 20. a4 c4 21.
bxc4 dxc4 22. Nxe4 cxd3 23. Nc5 Qc6 24. Nxd3 Qd6 25. Nc5 Qd5 26. Nb3 Rc8 27.
Rxc8 Rxc8 28. Qg4 Rd8 29. Qd1 Qc4 30. Na5 Qc3 31. Nb3 Rd5 32. g3 Qb4 33. Nc1
Qd6 34. Ne2 Qd7 35. Kh2 Rh5 36. Nf4 Ra5 37. Qf3 Rxa4 38. Qa8+ Qd8 39. Qc6 Ra5
40. d5 Be5 41. Ne6 fxe6 42. Qxe6+ Kh8 43. Qxe5 Rxd5 44. Qe4 a5 45. Bc1 Qd7 46.
Bb2 Kg8 47. Qc4 h6 48. h4 Qf7 49. Qc8+ Kh7 50. Qc2+ Qf5 51. Qe2 Qd3 52. Qg4 Rd7
53. Qf4 Qd2 54. Qf5+ g6 55. Qf6 g5 56. h5 Kg8 57. Qg6+ Kf8 58. Ba3+ 1-0

[Event "Tournoi des pays de l'OTAN 2012"]
[Site "BREST (France)"]
[Date "2012.10.03"]
[Round "4.22"]
[White "Balmaceda, Enrico"]
[Black "Adolfssen, Rico"]
[Result "1-0"]
[WhiteElo "2080"]
[BlackElo "1876"]
[PlyCount "115"]
[EventDate "2012.??.??"]

1. d4 d5 2. Nf3 Bf5 3. Bf4 e6 4. e3 Nd7 5. Ne5 Nxe5 6. Bxe5 Nf6 7. Be2 Nd7 8.
Bg3 c5 9. c3 cxd4 10. exd4 Qb6 11. Qb3 Qxb3 12. axb3 a6 13. Nd2 Rc8 14. b4 g5
15. b5 axb5 16. Bxb5 h5 17. Ra7 f6 18. h3 Rh7 19. Rxb7 Kd8 20. O-O Ra8 21. Nb3
h4 22. Bh2 g4 23. hxg4 Bxg4 24. Ra1 Rxa1+ 25. Nxa1 h3 26. f3 Bf5 27. g4 Bb1 28.
Rxd7+ Rxd7 29. Bxd7 Kxd7 30. Bf4 Bd3 31. Nb3 Kc6 32. Nd2 Bg7 33. Kh2 e5 34. Be3
f5 35. dxe5 fxg4 36. fxg4 Bxe5+ 37. Kxh3 Bg6 38. Nf3 Bg7 39. Bd4 Bxd4 40. Nxd4+
Kc5 41. b4+ Kc4 42. b5 Kc5 43. Kg3 Bd3 44. Kf4 Kd6 45. g5 Bg6 46. b6 Bh7 47. b7
Kc7 48. Ke5 Kxb7 49. Kxd5 Kb6 50. Nc6 Bg8+ 51. Kd6 Kb5 52. Ne5 Bh7 53. c4+ Kb6
54. c5+ Kb7 55. g6 Bg8 56. c6+ Kc8 57. Nf7 Kb8 58. Kd7 1-0

[Event "Tournoi des pays de l'OTAN 2012"]
[Site "BREST (France)"]
[Date "2012.10.03"]
[Round "4.23"]
[White "Engelen, Johan"]
[Black "Keough, Robert W"]
[Result "1/2-1/2"]
[WhiteElo "1953"]
[BlackElo "2076"]
[PlyCount "117"]
[EventDate "2012.??.??"]

1. c4 Nf6 2. g3 e5 3. Bg2 Nc6 4. Nc3 d6 5. d3 g6 6. e4 Nd4 7. Nge2 Bg4 8. O-O
Nf3+ 9. Kh1 Qd7 10. Be3 h5 11. h3 h4 12. Nd5 Nxd5 13. cxd5 O-O-O 14. Ng1 Nh2
15. f3 Bxf3 16. Rxf3 Nxf3 17. Qxf3 hxg3 18. Bg5 Be7 19. Bxe7 Qxe7 20. Qxg3 Kb8
21. Ne2 f5 22. d4 f4 23. Qf3 g5 24. Kg1 Rdg8 25. Kf1 Qd7 26. dxe5 dxe5 27. b3
Qb5 28. a4 Qb4 29. Rc1 Rg7 30. Qc3 Qd6 31. a5 g4 32. hxg4 Rxg4 33. Kf2 Rh2 34.
Rg1 Qa6 35. Qxe5 Rhxg2+ 36. Rxg2 Rxg2+ 37. Kxg2 Qxe2+ 38. Kg1 Qe3+ 39. Kf1 a6
40. d6 Qd3+ 41. Kf2 Qd2+ 42. Kf3 cxd6 43. Qxf4 Qc3+ 44. Kg4 Qg7+ 45. Kf3 Kc7
46. Qc1+ Kb8 47. Qc4 Qf6+ 48. Kg4 Qg6+ 49. Kf4 Qh6+ 50. Kg4 Qg7+ 51. Kf3 Qf6+
52. Kg4 Ka7 53. Qd5 Kb8 54. Kh5 Kc7 55. Kg4 Kb8 56. Qg8+ Ka7 57. Qd5 Kb8 58.
Qg8+ Ka7 59. Qd5 1/2-1/2

[Event "Tournoi des pays de l'OTAN 2012"]
[Site "BREST (France)"]
[Date "2012.10.03"]
[Round "4.24"]
[White "Sycz, Dariusz"]
[Black "Soulie, Cedric"]
[Result "1-0"]
[WhiteElo "1990"]
[BlackElo "2073"]
[PlyCount "68"]
[EventDate "2012.??.??"]

1. d4 Nf6 2. Nf3 e6 3. Nbd2 d5 4. e3 Nbd7 5. Bd3 Bd6 6. c4 c6 7. O-O O-O 8. e4
Bf4 9. e5 Ne8 10. cxd5 exd5 11. Re1 Nc7 12. Qc2 g6 13. h4 Ne6 14. h5 Kg7 15. g3
Bh6 16. Kg2 c5 17. b3 a6 18. a4 b6 19. Rh1 Bb7 20. Nf1 Bxc1 21. Qxc1 Rh8 22.
Ne3 Nxd4 23. Nxd4 cxd4 24. Ng4 h6 25. hxg6 h5 26. Qf4 Qe7 27. gxf7 Qxf7 28.
Qg5+ Kf8 29. Bg6 Qg7 30. Nf6 d3 31. Nxd7+ Qxd7 32. Qf6+ Kg8 33. e6 d4+ 34. f3
Bxf3+ 1-0

[Event "Tournoi des pays de l'OTAN 2012"]
[Site "BREST (France)"]
[Date "2012.10.03"]
[Round "4.25"]
[White "Maciokas, Kostas"]
[Black "Van Den Heuvel, Tonnie"]
[Result "0-1"]
[WhiteElo "2064"]
[BlackElo "1874"]
[PlyCount "62"]
[EventDate "2012.??.??"]

1. d4 d5 2. c4 e6 3. Nc3 c6 4. Nf3 Nf6 5. e3 Nbd7 6. Bd3 dxc4 7. Bxc4 b5 8. Bd3
a6 9. O-O Bb7 10. e4 b4 11. Na4 c5 12. Bg5 Be7 13. Bxf6 Nxf6 14. Nxc5 Bxc5 15.
dxc5 Qa5 16. Qc2 Rc8 17. Rfc1 Nd7 18. Qd2 Nxc5 19. Nd4 O-O 20. Nb3 Nxb3 21.
axb3 Rxc1+ 22. Qxc1 Qb6 23. Qe3 Qxe3 24. fxe3 Rd8 25. Be2 g6 26. Ra4 Rd2 27.
Kf1 Bxe4 28. Bxa6 Rxb2 29. Rxb4 Bxg2+ 30. Kg1 Bd5 31. e4 Rxb3 0-1

[Event "Tournoi des pays de l'OTAN 2012"]
[Site "BREST (France)"]
[Date "2012.10.03"]
[Round "4.26"]
[White "Hansen, Stefan"]
[Black "Portman, Carl"]
[Result "0-1"]
[WhiteElo "2062"]
[BlackElo "1990"]
[PlyCount "71"]
[EventDate "2012.??.??"]

1. d4 d5 2. c4 c6 3. Nf3 Nf6 4. e3 Bf5 5. b3 e6 6. Nbd2 Nbd7 7. Be2 Bd6 8. Nh4
Bg6 9. Bb2 a5 10. O-O Qb8 11. f4 Ne4 12. Nxg6 hxg6 13. Nf3 Qd8 14. Bd3 Ndf6 15.
Ne5 Qe7 16. Rc1 Bb4 17. Rc2 Nd7 18. Nxd7 Kxd7 19. Bxe4 dxe4 20. Qe2 Qh4 21. g3
Qh5 22. Qg2 f5 23. c5 a4 24. Rc4 Ba5 25. Rxa4 Bc7 26. Rxa8 Rxa8 27. a3 g5 28.
Re1 gxf4 29. gxf4 Rg8 30. Qg5 Qh7 31. d5 cxd5 32. Re2 Bd8 33. Qg2 g5 34. Kf1
gxf4 35. Qf2 Qh3+ 36. Qg2 0-1